Obsolescence : (Record no. 607886)
[ view plain ]
| 000 -LEADER | |
|---|---|
| fixed length control field | 01190cam a2200313 i 4500 |
| 001 - CONTROL NUMBER | |
| control field | 18603587 |
| 003 - CONTROL NUMBER IDENTIFIER | |
| control field | OSt |
| 005 - DATE AND TIME OF LATEST TRANSACTION | |
| control field | 20240220104215.0 |
| 008 - FIXED-LENGTH DATA ELEMENTS--GENERAL INFORMATION | |
| fixed length control field | 150504s2016 ilua b 001 0 eng c |
| 010 ## - LIBRARY OF CONGRESS CONTROL NUMBER | |
| LC control number | 2015017854 |
| 020 ## - INTERNATIONAL STANDARD BOOK NUMBER | |
| International Standard Book Number | 9780226478050 |
| 020 ## - INTERNATIONAL STANDARD BOOK NUMBER | |
| International Standard Book Number | 022647805x |
| 020 ## - INTERNATIONAL STANDARD BOOK NUMBER | |
| Canceled/invalid ISBN | 9780226313597 (ebook) |
| 040 ## - CATALOGING SOURCE | |
| Original cataloging agency | ICU/DLC |
| Language of cataloging | eng |
| Transcribing agency | ICU |
| Description conventions | rda |
| Modifying agency | DLC |
| 042 ## - AUTHENTICATION CODE | |
| Authentication code | pcc |
| 050 00 - LIBRARY OF CONGRESS CALL NUMBER | |
| Classification number | NA2543.T43 |
| Item number | A27 2016 |
| 082 00 - DEWEY DECIMAL CLASSIFICATION NUMBER | |
| Classification number | 720.72 |
| Edition number | 23 |
| Author Mark | ABR |
| 100 1# - MAIN ENTRY--PERSONAL NAME | |
| Personal name | Abramson, Daniel M. |
| Fuller form of name | (Daniel Michael), |
| Dates associated with a name | 1963- |
| Relator term | author. |
| 9 (RLIN) | 120789 |
| 245 10 - TITLE STATEMENT | |
| Title | Obsolescence : |
| Remainder of title | an architectural history / |
| Statement of responsibility, etc. | Daniel M. Abramson. |
| 260 ## - PUBLICATION, DISTRIBUTION, ETC. | |
| Place of publication, distribution, etc. | London: |
| Name of publisher, distributor, etc. | Chicago Press; |
| Date of publication, distribution, etc. | 2016. |
| 300 ## - PHYSICAL DESCRIPTION | |
| Extent | 192 pages : |
| Other physical details | illustrations ; |
| Dimensions | 24 cm |
| 504 ## - BIBLIOGRAPHY, ETC. NOTE | |
| Bibliography, etc. note | Includes bibliographical references and index. |
| 505 0# - FORMATTED CONTENTS NOTE | |
| Formatted contents note | Inventing obsolescence -- Urban obsolescence -- The promise of obsolescence -- Fixing obsolescence -- Reversing obsolescence -- Sustainability and beyond. |
| 650 #0 - SUBJECT ADDED ENTRY--TOPICAL TERM | |
| Topical term or geographic name entry element | Architecture and technology. |
| 9 (RLIN) | 9594 |
| 650 #0 - SUBJECT ADDED ENTRY--TOPICAL TERM | |
| Topical term or geographic name entry element | Product obsolescence. |
| 9 (RLIN) | 120790 |
| 906 ## - LOCAL DATA ELEMENT F, LDF (RLIN) | |
| a | 7 |
| b | cbc |
| c | orignew |
| d | 1 |
| e | ecip |
| f | 20 |
| g | y-gencatlg |
| 942 ## - ADDED ENTRY ELEMENTS (KOHA) | |
| Source of classification or shelving scheme | |
| Koha item type | Book |
| Institution code [OBSOLETE] | SADA |
| Call number prefix | 720.72 ABR 2016 |
| Withdrawn status | Lost status | Source of classification or shelving scheme | Damaged status | Not for loan | Permanent Location | Current Location | Date acquired | Source of acquisition | Total Checkouts | Full call number | Barcode | Date last seen | Cost, replacement price | Price effective from | Koha item type |
|---|---|---|---|---|---|---|---|---|---|---|---|---|---|---|---|
| School of Art Design and Architecture (SADA) | School of Art Design and Architecture (SADA) | 10/06/2017 | Golden Books | 720.72 ABR 2016 | SADA0002773 | 02/20/2024 | 2790.60 | 02/20/2024 | Book |
